Udrží adaptívny tempomat rekordné tempo?
Automobilový priemysel na Slovensku a jeho vyhliadky na rok 2013. Zamestnanosť a prijímanie pracovníkov v automobilovom priemysle. Všeobecná stagnácia alebo pokles dopytu po osobných vozidlách, pre ktorú by sa výroba mohla znížiť. Ďalší rozvoj automobiliek.
Na minha lista:
| Autor principal: | |
|---|---|
| Formato: | Capítulo de Livro |
| Idioma: | eslovaco |
| Assuntos: | |
| Tags: |
Sem tags, seja o primeiro a adicionar uma tag!
|
MARC
| LEADER | 00000naa a2200000 4500 | ||
|---|---|---|---|
| 001 | 0166949 | ||
| 005 | 20231011123319.6 | ||
| 041 | 0 | |a slo | |
| 044 | |a SK | ||
| 245 | 1 | 0 | |a Udrží adaptívny tempomat rekordné tempo? |c Peter Marianyi |
| 520 | |a Automobilový priemysel na Slovensku a jeho vyhliadky na rok 2013. Zamestnanosť a prijímanie pracovníkov v automobilovom priemysle. Všeobecná stagnácia alebo pokles dopytu po osobných vozidlách, pre ktorú by sa výroba mohla znížiť. Ďalší rozvoj automobiliek. | ||
| 610 | 2 | 0 | |a Slovensko |
| 610 | 2 | 0 | |a strojárstvo dopravné |
| 610 | 2 | 0 | |a priemysel automobilový |
| 610 | 2 | 0 | |a výroba automatizovaná |
| 610 | 2 | 0 | |a automobily osobné |
| 610 | 2 | 0 | |a odbyt |
| 610 | 2 | 0 | |a predaj |
| 100 | 1 | |a Marianyi, Peter | |